00875nam a2200241 a 4500001001000000003000500010005001700015008004100032010001100073011001100084040000900095100003000104245010100134260004100235500006000276502009700336650002700433650002900460650003100489650002500520856001600545856007200561000113746CHAP20220329144411.0170914s2017 mx sm |||||||spa d a110207 a111179 cCHAP1 aArrazate Oropeza, Braulio10aPropuesta de mecanización en la cosecha de caféh[En línea]cpor Braulio Arrazate Oropeza. aChapingo, Méx. :bEl autor,c2017. aPara ver el contenido del material haga clic en la liga aTesis (Ing. Mecánico Agrícola) -- UACH. Departamento de Ingenieria Mecánica Agrícola14aCaféxRecolección.14aImplementos agrícolas.14aMecanización agrícola.14aTractoresxDiseño. a1 n0000547 aFinding aidu05http://10.13.5.2/tesis/sist113746.pdfzTeclea aquí